000 00702nam a2200253Ia 4500
003 OSt
005 20221007065352.0
006 a|||||r|||| 00| 0
007 ta
008 221006b |||||||| |||| 00| 0 eng d
020 _a0379141507
024 _a7,270
037 _cTextual
040 _aFLL
_cFLL
_beng
041 _2eng
_aeng
082 _aZ1aN7, L2.2
100 _aField Norman S.
_9686898
245 0 _aLeague of nations & united nations monthly list of selected articles
260 _aDobbs
_bFerry Oceana Publications, Inc. New York
_c1972
300 _a746p
_ccm.
490 _v2
942 _hZ1aN7, L2.2
_cTEXL
_2CC
999 _c1137119
_d1137119